000 00268nam a22000977a 4500
999 _c23582
_d23582
003 Nust
005 20170526162900.0
008 131218b xxu||||| |||| 00| 0 eng d
020 _cAvailable
040 _aDLC
_bDLC
_cRCMS
082 _24th, ed.
_a300.18 BAI
100 _aBailey, Kenneth D.
_91471
245 _aMethods of social research
_cKenneth D.Bailey
250 _a4th,ed.
260 _aIslamabad
_bNational Book Foundation
_cc2008
300 _axviii, 588 p. :
_bill:
_c24 cm.
500 _aIncludes bibliographical references and index
538 _iShelf # 13, Row # 3, Fiction.
650 _aSociology --Methodology.
_91472
856 _3Table of Content Only
942 _2ddc
_cFIC